000 00306nam a2200133Ia 4500
008 231217s9999 xx 000 0 und d
041 _aEnglish
100 _aNorton, Peter
245 0 _aDos guide
260 _c1989
_bNew Delhi : PHI,
300 _axvi+350
650 _aOperating systems
942 _cAA
999 _c160850
_d160850